| 000 | 00649nmc a2200265 a 4500 | ||
|---|---|---|---|
| 003 | AR-BaBNM | ||
| 005 | 20251128203450.0 | ||
| 008 | 107119s1979 ||||||||||||||000 | spa|| | ||
| 040 | _cAR-BaBNM | ||
| 100 | 1 | _aSchneider, H. | |
| 245 | 1 | 0 | _aCómo funciona el teléfono |
| 250 | _a1ª ed. | ||
| 260 |
_aBuenos Aires _bKapelusz _c1979 |
||
| 300 | 0 |
_a98 p. _bil. |
|
| 490 | 0 |
_aClub de ciencias _vv. 8 |
|
| 650 | 4 | _aENSENANZA DE LA CIENCIA | |
| 650 | 4 | _aACUSTICA | |
| 650 | 4 | _aTELEFONO | |
| 650 | 4 | _aELECTRICIDAD | |
| 650 | 4 | _aVIBRACIONES | |
| 700 | 1 | _aSchneider, N. | |
| 700 | 1 |
_aBendick, J. _eilustrador |
|
| 942 | _cBK | ||
| 998 | _cCarmen | ||
| 999 |
_c3503 _d3503 |
||